Haciendo contabilidad (Registro nro. 200)

Detalles MARC
000 -LEADER
fixed length control field 01068 a2200205 4500
001 - CONTROL NUMBER
control field 1900
005 - DATE AND TIME OF LATEST TRANSACTION
control field 20260407155419.0
008 - FIXED-LENGTH DATA ELEMENTS--GENERAL INFORMATION
fixed length control field 260407a2005 arg spa d
003 - CONTROL NUMBER IDENTIFIER
control field AR-UNSa-BCEJYS
040 ## - CATALOGING SOURCE
Original cataloging agency AR-UNSa-BCEJYS
Language of cataloging spa
Transcribing agency AR-UNSa-BCEJYS
080 ## - UNIVERSAL DECIMAL CLASSIFICATION NUMBER
Universal Decimal Classification number 657
Common auxiliary subdivision Contabilidad
100 1# - MAIN ENTRY--PERSONAL NAME
Personal name Telese, Miguel
245 10 - TITLE STATEMENT
Title Haciendo contabilidad
Name of part/section of a work teoría y práctica de las registraciones del ejercicio
264 #1 - PRODUCTION, PUBLICATION, DISTRIBUTION, MANUFACTURE, AND COPYRIGHT NOTICE
Place of production, publication, distribution, manufacture Buenos Aires :
Name of producer, publisher, distributor, manufacturer Osmar D. Buyatti
Date of production, publication, distribution, manufacture, or copyright notice 2005
300 ## - PHYSICAL DESCRIPTION
Extent 447 p.
Dimensions 22 cm
505 ## - FORMATTED CONTENTS NOTE
Formatted contents note 1. Las relaciones de los socios y la sociedad - 2. Contingencias - 3. Componentes financieros y sobre precios - 4. Caja y bancos - 5. Créditos - 6. Bienes de cambio - 7. Bienes de uso - 8. Activos no operativos (inversiones) - 9. Bienes inmateriales - 10. Cargos diferidos - 11. Otros activos - 12. Obligaciones ciertas - 13. Obligaciones contingentes - 14. Utilidades diferidas
590 ## - LOCAL NOTE (RLIN)
Local note niveau_biblio:m niveau_hierar:0
856 41 - ELECTRONIC LOCATION AND ACCESS
Uniform Resource Identifier <a href="https://biblioeco.unsa.edu.ar/pmb/images/libros/Haciendo contabilidad2-l116426.jpg">https://biblioeco.unsa.edu.ar/pmb/images/libros/Haciendo contabilidad2-l116426.jpg</a>
Link text Imagen de portada
Electronic format type image/jpeg
942 ## - ADDED ENTRY ELEMENTS (KOHA)
Koha item type
Existencias
Withdrawn status Lost status Damaged status Not for loan Home library Current library Shelving location Date acquired Total checkouts Full call number Barcode Date last seen Price effective from Koha item type
        Biblioteca Prof. Eusebio Cleto del Rey Biblioteca Prof. Eusebio Cleto del Rey   07/04/2026   657 T269h L116426 07/04/2026 07/04/2026 Libro